• 首页
  • 本馆介绍
  • 公告通知
  • 最新文献
  • 馆藏检索
  • 电子资源
  • 读者导购
  • 参考咨询
  • 我的图书馆
  • 登录
  • 详细信息显示
  • 放入我的书架
  • 预约/预借图书
  • 作者相关作品
  • 分类相关作品
  • 丛书相关作品
  • 出版社相关作品

书目信息

  • 表格格式
  • 工作单格式
  • 卡片格式
题名:
技术创新方法国际比较与案例研究
    
 
作者: ;本书编写组 著
分册:  
出版信息: 北京   科学出版社  2011.3
页数: 312页
开本: 24cm
丛书名: 技术创新方法培训丛书
单 册:
中图分类: F113.2
科图分类:
主题词: 技术革新--对比研究--世界
电子资源:
ISBN: 978-7-03-030389-9
000 01113nam0 2200277 450
001 351796
005 20161017103920.99
010    @a978-7-03-030389-9@dCNY50.00
100    @a20110408d2011 em y0chiy50 ea
101 0  @achi
102    @aCN@b110000
105    @aa z 000yy
106    @ar
200 1  @a技术创新方法国际比较与案例研究@dInternational comparative research and cases study on technology innovation methods@f本书编写组著@zeng
210    @a北京@c科学出版社@d2011.3
215    @a312页@c图@d24cm
225 2  @a技术创新方法培训丛书
300    @a科学技术部
330    @a本书分为四篇,共十三章,第一篇介绍了技术创新方法的基本概念、发展阶段和发展现状;第二篇对国际上技术创新方法的应用情况进行了分析和比较研究;第三篇对不同国家的技术创新体系等进行了研究;第四篇对经典案例作出了分析研究。
410  0 @12001 @a技术创新方法培训丛书
510 1  @aInternational comparative research and cases study on technology innovation methods@zeng
606 0  @a技术革新@x对比研究@y世界
690    @aF113.2@v5
711 02 @a本书编写组@4著
801  0 @aCN@bTANGWEI@c20161010
905    @b0896560-4@dF113.2@e176@f5
    
    技术创新方法国际比较与案例研究=International comparative research and cases study on technology innovation methods/本书编写组著.-北京:科学出版社,2011.3
    312页:图;24cm.-(技术创新方法培训丛书)
    科学技术部
    
    ISBN 978-7-03-030389-9:CNY50.00
    本书分为四篇,共十三章,第一篇介绍了技术创新方法的基本概念、发展阶段和发展现状;第二篇对国际上技术创新方法的应用情况进行了分析和比较研究;第三篇对不同国家的技术创新体系等进行了研究;第四篇对经典案例作出了分析研究。
●
相关链接 在E读中查询图书 在五车中查询图书 在当当中查询图书 在豆瓣中查询图书


正题名:技术创新方法国际比较与案例研究     索取号:F113.2/176         预约/预借

序号 登录号 条形码 馆藏地/架位号 状态 备注
1 0896560   208965609   第一样本阅览室/ [索取号:F113.2/176] 在馆    
2 0896561   208965618   第一借阅区/ [索取号:F113.2/176] 在馆    
3 0896562   208965627   第一借阅区/ [索取号:F113.2/176] 在馆    
4 0896563   208965636   第一借阅区/ [索取号:F113.2/176] 在馆    
5 0896564   208965645   第一借阅区/ [索取号:F113.2/176] 在馆    
唐山师范学院图书馆 欢迎您!
大连网信软件有限公司© 版权所有